| 000 | 00939nam a22002295i 4500 | ||
|---|---|---|---|
| 001 | 164961 | ||
| 003 | ES-MaACL | ||
| 005 | 20250815062648.0 | ||
| 008 | 980311q18901898sp |||| | spa d | ||
| 040 |
_aAS _bspa _cAS |
||
| 100 | 1 |
_aSchopenhauer, Arthur, _d1788-1860 _9240710 |
|
| 245 | 1 | 0 |
_aEnsayos de religión, estética y arqueología / _cde Arturo Schopenhauer; traducción del alemán, Edmundo González-Blanco. |
| 260 |
_aMadrid : _bLa España Moderna, _c[s.a.] ( _fEstablecimiento Tipográfico de Idamor Moreno) |
||
| 300 |
_a205 p. ; _c23 cm. |
||
| 490 | 1 | _aBiblioteca de Jurisprudencia, Filosofía e Historia | |
| 596 | _aEl impresor Idamor Moreno trbajó entre 1890 y 1898. | ||
| 650 | 7 |
_aReligión y ciencia _2embne _916806 |
|
| 700 | 1 |
_aGonzález-Blanco, Edmundo. _958462 |
|
| 830 | 0 | 0 |
_aBiblioteca de jurisprudencia, filosofía e historia _9180691 |
| 852 |
_aES-MaACL _jF-14830 _z-- Enc. hol. |
||
| 999 |
_c164961 _d164961 |
||